000 00274nam a22001337a 4500
008 210511b ||||| |||| 00| 0 eng d
041 _aeng
080 _a7
082 _a7
100 _a46
101 _aART
245 _aAnatomy for Artists
_cTaubes,F
942 _2udc
_cBK
999 _c57261
_d57261